[Event "Speed Chess Super Swiss KO"]
[Site "chess.com INT"]
[Date "2020.10.04"]
[Round "2.4"]
[White "Grischuk, Alexander"]
[Black "Artemiev, Vladislav"]
[Result "0-1"]
[WhiteElo "2777"]
[BlackElo "2716"]
[PlyCount "94"]
[EventDate "2020.10.04"]
[EventType "k.o. (blitz)"]
[EventRounds "4"]
[EventCountry "USA"]
[SourceTitle "EXT 2021"]
[Source "ChessBase"]
[SourceDate "2020.10.23"]
[SourceVersion "1"]
[SourceVersionDate "2020.10.23"]
[SourceQuality "1"]

1. d4 d5 2. c4 c6 3. Nf3 Nf6 4. Nc3 e6 5. Bg5 Be7 6. e3 Nbd7 7. Bd3 h6 8. Bf4
dxc4 9. Bxc4 b5 10. Bd3 Bb7 11. O-O O-O 12. a3 a5 13. Rc1 Rc8 14. Ne5 b4 15.
axb4 axb4 16. Ne4 c5 17. Nxd7 Qxd7 18. Nxc5 Bxc5 19. dxc5 Rfd8 20. Bd6 Ne8 21.
Be2 Nxd6 22. Qxd6 Qxd6 23. cxd6 Rxc1 24. Rxc1 Rxd6 25. Rd1 Rxd1+ 26. Bxd1 Kf8
27. f4 Ke7 28. Kf2 Kd6 29. g3 Kc5 30. Ke2 Kc4 31. Kd2 Be4 32. Be2+ Kc5 33. h4
f6 34. Bd1 e5 35. Bb3 exf4 36. exf4 Kd4 37. Bd1 Bd5 38. Bh5 Ke4 39. Ke2 Bc4+
40. Kf2 Bb5 41. Bg6+ f5 42. g4 Kxf4 43. Bxf5 h5 44. Be6 hxg4 45. Kg2 Bc6+ 46.
Kg1 Kg3 47. h5 Be8 0-1

[Event "Speed Chess Super Swiss KO"]
[Site "chess.com INT"]
[Date "2020.10.04"]
[Round "2.5"]
[White "Artemiev, Vladislav"]
[Black "Grischuk, Alexander"]
[Result "1/2-1/2"]
[WhiteElo "2716"]
[BlackElo "2777"]
[PlyCount "66"]
[EventDate "2020.10.04"]
[EventType "k.o. (blitz)"]
[EventRounds "4"]
[EventCountry "USA"]
[SourceTitle "EXT 2021"]
[Source "ChessBase"]
[SourceDate "2020.10.23"]
[SourceVersion "1"]
[SourceVersionDate "2020.10.23"]
[SourceQuality "1"]

1. c4 e5 2. Nc3 Nf6 3. Nf3 Nc6 4. d3 g6 5. g3 Bg7 6. Bg2 O-O 7. O-O d6 8. b3
Nd4 9. Bb2 Re8 10. Nd2 h5 11. e3 Ne6 12. Nde4 h4 13. Qd2 Nxe4 14. dxe4 a5 15.
Rad1 Nc5 16. f4 Bg4 17. Rde1 h3 18. Bf3 Bxf3 19. Rxf3 exf4 20. exf4 a4 21. b4
a3 22. Ba1 Na4 23. Nxa4 Bxa1 24. Nc3 Bxc3 25. Qxc3 Qd7 26. f5 Re5 27. Qe3 Rae8
28. Qh6 Rxf5 29. Rxf5 gxf5 30. Qg5+ Kf8 31. Qh6+ Kg8 32. Qg5+ Kf8 33. Qh6+ Kg8
1/2-1/2

[Event "Speed Chess Super Swiss KO"]
[Site "chess.com INT"]
[Date "2020.10.04"]
[Round "2.6"]
[White "Grischuk, Alexander"]
[Black "Artemiev, Vladislav"]
[Result "1/2-1/2"]
[WhiteElo "2777"]
[BlackElo "2716"]
[PlyCount "72"]
[EventDate "2020.10.04"]
[EventType "k.o. (blitz)"]
[EventRounds "4"]
[EventCountry "USA"]
[SourceTitle "EXT 2021"]
[Source "ChessBase"]
[SourceDate "2020.10.23"]
[SourceVersion "1"]
[SourceVersionDate "2020.10.23"]
[SourceQuality "1"]

1. e4 c5 2. Nf3 a6 3. c3 d5 4. exd5 Qxd5 5. d4 Nf6 6. Be3 cxd4 7. cxd4 e6 8.
Nc3 Qd6 9. Ne5 Nc6 10. Nxc6 bxc6 11. Be2 Be7 12. O-O O-O 13. Rc1 a5 14. Na4 Ba6
15. Bxa6 Rxa6 16. Qe2 Raa8 17. Qc4 Ng4 18. g3 Nxe3 19. fxe3 Bg5 20. Rc3 Qb4 21.
Re1 h5 22. b3 Qe7 23. Qc5 Qf6 24. Qxc6 h4 25. Qe4 Qh6 26. Nc5 Rae8 27. Nd7 Rc8
28. Rc5 Rfd8 29. Ne5 Rxc5 30. dxc5 hxg3 31. hxg3 Rd2 32. Nf3 Rxa2 33. Qa8+ Kh7
34. Qe4+ Kg8 35. Qa8+ Kh7 36. Qe4+ Kg8 1/2-1/2

[Event "Speed Chess Super Swiss KO"]
[Site "chess.com INT"]
[Date "2020.10.04"]
[Round "2.7"]
[White "Artemiev, Vladislav"]
[Black "Grischuk, Alexander"]
[Result "1/2-1/2"]
[WhiteElo "2716"]
[BlackElo "2777"]
[PlyCount "59"]
[EventDate "2020.10.04"]
[EventType "k.o. (blitz)"]
[EventRounds "4"]
[EventCountry "USA"]
[SourceTitle "EXT 2021"]
[Source "ChessBase"]
[SourceDate "2020.10.23"]
[SourceVersion "1"]
[SourceVersionDate "2020.10.23"]
[SourceQuality "1"]

1. d4 Nf6 2. Bg5 d5 3. Nd2 c5 4. e3 Nc6 5. Ngf3 Bf5 6. dxc5 e6 7. Nd4 Bxc5 8.
Nxf5 exf5 9. Be2 h6 10. Bxf6 Qxf6 11. O-O O-O 12. c3 Rad8 13. Nb3 Bb6 14. g3 g5
15. Qd2 f4 16. exf4 gxf4 17. Qxf4 Qxf4 18. gxf4 d4 19. Rad1 dxc3 20. bxc3 Ne7
21. Bf3 Ng6 22. Rxd8 Rxd8 23. Rd1 Rc8 24. Bxb7 Rxc3 25. Rc1 Rxc1+ 26. Nxc1 Nxf4
27. Kf1 Kg7 28. Be4 Kf6 29. Nd3 Nxd3 30. Bxd3 1/2-1/2

[Event "Speed Chess Super Swiss KO"]
[Site "chess.com INT"]
[Date "2020.10.04"]
[Round "2.8"]
[White "Grischuk, Alexander"]
[Black "Artemiev, Vladislav"]
[Result "1/2-1/2"]
[WhiteElo "2777"]
[BlackElo "2716"]
[PlyCount "119"]
[EventDate "2020.10.04"]
[EventType "k.o. (blitz)"]
[EventRounds "4"]
[EventCountry "USA"]
[SourceTitle "EXT 2021"]
[Source "ChessBase"]
[SourceDate "2020.10.23"]
[SourceVersion "1"]
[SourceVersionDate "2020.10.23"]
[SourceQuality "1"]

1. e4 c5 2. Nf3 e6 3. d4 cxd4 4. Nxd4 Nc6 5. Nc3 a6 6. Qd3 Nxd4 7. Qxd4 b5 8.
Bf4 Bb7 9. O-O-O Rc8 10. Bd6 Bxd6 11. Qxd6 Nf6 12. f3 Qc7 13. a4 bxa4 14. Qxc7
Rxc7 15. Nxa4 Ke7 16. b3 d5 17. exd5 Nxd5 18. Kb2 Ne3 19. Rd2 Rd8 20. Bd3 Bc6
21. Nc3 Bb5 22. Nxb5 axb5 23. Re1 Nc4+ 24. bxc4 bxc4 25. Rdd1 cxd3 26. Rxd3
Rxd3 27. cxd3 Kd6 28. Re4 f5 29. Rd4+ Ke5 30. Rb4 g5 31. h4 gxh4 32. Rxh4 Rg7
33. g4 fxg4 34. fxg4 Kf4 35. Kc3 Kg5 36. Rh1 Rd7 37. Rg1 h6 38. d4 Rf7 39. Kc4
Rf4 40. Re1 Kf6 41. Kc5 Rxg4 42. Rf1+ Kg6 43. Re1 Kf7 44. Rh1 Rg6 45. Kd6 Rg5
46. Rxh6 Rd5+ 47. Kc6 Rxd4 48. Rh1 e5 49. Rh6 Ke7 50. Kc5 Rd1 51. Ra6 Kf7 52.
Rh6 Rd2 53. Rb6 e4 54. Rb4 e3 55. Re4 e2 56. Kc4 Kf6 57. Kc3 Ra2 58. Kd3 Kf5
59. Rxe2 Rxe2 60. Kxe2 1/2-1/2

[Event "Speed Chess Super Swiss KO"]
[Site "chess.com INT"]
[Date "2020.10.04"]
[Round "2.9"]
[White "Artemiev, Vladislav"]
[Black "Grischuk, Alexander"]
[Result "1-0"]
[WhiteElo "2716"]
[BlackElo "2777"]
[PlyCount "111"]
[EventDate "2020.10.04"]
[EventType "k.o. (blitz)"]
[EventRounds "4"]
[EventCountry "USA"]
[SourceTitle "EXT 2021"]
[Source "ChessBase"]
[SourceDate "2020.10.23"]
[SourceVersion "1"]
[SourceVersionDate "2020.10.23"]
[SourceQuality "1"]

1. d4 Nf6 2. Nf3 g6 3. g3 Bg7 4. Bg2 c5 5. c4 cxd4 6. Nxd4 O-O 7. O-O Nc6 8.
Nc3 Qa5 9. e3 d6 10. Nde2 Bg4 11. h3 Bxe2 12. Qxe2 Rfc8 13. Bd2 Nd7 14. Rac1 a6
15. Rfd1 Rab8 16. Be1 Qd8 17. Nd5 e6 18. Nc3 Qe7 19. Ne4 Nc5 20. Nxd6 Rd8 21.
Ne4 Nxe4 22. Bxe4 Ne5 23. b3 h5 24. Bg2 b6 25. Rxd8+ Rxd8 26. Rd1 Rxd1 27. Qxd1
Qa3 28. f4 Qxa2 29. fxe5 Bxe5 30. Bf2 Kg7 31. Bf3 Qb2 32. Kg2 b5 33. cxb5 axb5
34. Be4 b4 35. Qc2 Qa1 36. Bc6 Bc3 37. Bf3 Qa6 38. Qe2 Qa1 39. Be4 Qa5 40. Qf3
Qa2 41. Qd1 Qb2 42. Bd3 Qa2 43. Bc4 Qa8+ 44. Qf3 Qa2 45. g4 hxg4 46. hxg4 Qb2
47. Qe2 Qa1 48. Bg3 Qa8+ 49. Qf3 Qa2+ 50. Qe2 Qa8+ 51. e4 Qa1 52. Bf2 Qc1 53.
Be3 Qa1 54. Bf4 Qb1 55. Qd3 Qxb3 56. Bxb3 1-0